| 000 | 00690nam a22001817a 4500 | ||
|---|---|---|---|
| 999 |
_c6710 _d6710 |
||
| 003 | AR-CdUCM | ||
| 008 | 190319b ||||| |||| 00| 0 spa d | ||
| 040 |
_aMUNICIPALIDAD PROVINCIAL DEL CUSCO _cBIBLIOTECA MUNICIPAL DEL CUSCO |
||
| 082 |
_26ed. _a082 / _bP6 |
||
| 245 |
_aPoema del Cid / _cAnónimo |
||
| 260 |
_aLima : _bUniverso, _c1980. |
||
| 300 |
_a231 páginas ; _c17 cm. |
||
| 440 |
_aColección autores clásicos _n : 5 _918886 |
||
| 500 | _aNota preliminar de Enrique Ordoñez Texto Antiguo: Según la edición crítica de Ramón Menéndez Pidal. Versión en romance moderno de Pedro Salinas. | ||
| 650 |
_aPoemas épicos - España _918887 |
||
| 942 |
_2ddc _cLIBROS |
||
| 945 | _alccs | ||